[Event "Vojvodina Cup-chT"]
[Site "Senta"]
[Date "2025.04.24"]
[Round "1.4"]
[White "Rajsli, Andor"]
[Black "Solymosi, Andras"]
[Result "1/2-1/2"]
[WhiteElo "1880"]
[BlackElo "2183"]
[PlyCount "92"]
[EventDate "2025.04.24"]
[EventType "team-swiss"]
[EventRounds "5"]
[EventCountry "SRB"]
[SourceTitle "CB18_2025"]
[SourceDate "2025.04.30"]
[SourceVersion "1"]
[SourceVersionDate "2025.04.30"]
[SourceQuality "1"]
[WhiteTeam "Temerin"]
[BlackTeam "Bajsa Lajos Segi"]
[WhiteTeamCountry "SRB"]
[BlackTeamCountry "SRB"]

1. c4 e6 2. Nc3 d5 3. e3 Nf6 4. b3 Be7 5. g3 c5 6. d4 cxd4 7. exd4 Bb4 8. Nge2 Nc6 9. c5 b6 10. a3 Bxc3+ 11. Nxc3 bxc5 12. dxc5 0-0 13. b4 e5 14. Bg5 Nd4 15. Be2 Bh3 16. Bf1 Bf5 17. Rc1 Qd7 18. Bxf6 gxf6 19. Bg2 Bg4 20. Nxd5 Kg7 21. Qd3 Rad8 22. 0-0 Ne2+ 23. Kh1 Nxc1 24. Rxc1 Be6 25. Rd1 Qa4 26. Qf3 Rxd5 27. Rxd5 Bxd5 28. Qg4+ Kh8 29. Bxd5 Qxa3 30. Kg2 Qc1 31. Be4 Rg8 32. Qh3 h6 33. Qd7 Qc4 34. Qf5 Rg6 35. Qc8+ Rg8 36. Qf5 Kg7 37. Qg4+ Kh8 38. Qf5 Rg6 39. Qc8+ Kg7 40. Bxg6 fxg6 41. Qb7+ Kf8 42. Qb8+ Ke7 43. Qd6+ Kf7 44. Qd7+ Kf8 45. c6 Qe4+ 46. Kh3 f5 1/2-1/2

[Event "HUN-chT2 Toth 2122"]
[Site "Hungary"]
[Date "2022.03.20"]
[Round "8.1"]
[White "Solymosi, Andras"]
[Black "Kakuk, Sandor"]
[Result "1/2-1/2"]
[WhiteElo "2106"]
[BlackElo "2083"]
[PlyCount "79"]
[EventDate "2021.10.10"]
[EventType "team-tourn"]
[EventRounds "9"]
[EventCountry "HUN"]
[SourceTitle "EXT 2025"]
[Source "ChessBase"]
[SourceDate "2024.10.14"]
[SourceVersion "1"]
[SourceVersionDate "2024.10.14"]
[SourceQuality "1"]
[WhiteTeam "Felegyhaza Csongrad"]
[BlackTeam "Oroshaza SE"]
[WhiteTeamCountry "HUN"]
[BlackTeamCountry "HUN"]

1. Nf3 d5 2. g3 Nc6 3. Bg2 e5 4. d3 Bg4 5. h3 Bh5 6. Nbd2 Nf6 7. 0-0 Be7 8. g4 Bg6 9. Nh4 Qd7 10. c4 0-0-0 11. g5 Nh5 12. cxd5 Nb4 13. Nc4 f6 14. e4 c6 15. Bf3 Qe8 16. a3 cxd5 17. axb4 dxc4 18. Qc2 Kb8 19. Be3 a6 20. dxc4 Bxb4 21. Qb3 Qe7 22. Ra4 Bc5 23. Rxa6 Nf4 24. Rfa1 Nxh3+ 25. Kg2 Nxg5 26. Nf5 Bxf5 27. Bxg5 fxg5 28. exf5 e4 29. Bg4 Rhf8 30. Re6 Qd7 31. Qa2 Qd2 32. Qa8+ Kc7 33. Qa5+ Qxa5 34. Rxa5 b6 35. Ra7+ Kb8 36. Rxg7 Rd2 37. Rxe4 Rxf2+ 38. Kg3 h5 39. Bxh5 R2xf5 40. Re8+ 1/2-1/2

[Event "Subotica-ch op"]
[Site "Subotica"]
[Date "2020.03.13"]
[Round "9"]
[White "Janjusevic, Branislav"]
[Black "Solymosi, Andras"]
[Result "1-0"]
[WhiteElo "1918"]
[BlackElo "2071"]
[PlyCount "137"]
[EventDate "2020.02.24"]
[EventType "swiss"]
[EventRounds "9"]
[EventCountry "SRB"]
[SourceTitle "CBM 195 Extra"]
[Source "ChessBase"]
[SourceDate "2020.05.31"]
[SourceVersion "1"]
[SourceVersionDate "2020.05.31"]
[SourceQuality "1"]

1. e4 c5 2. Nf3 g6 3. d4 Bg7 4. c3 Qa5 5. Be3 Nf6 6. Bd3 Ng4 7. Bd2 Qb6 8. Na3 cxd4 9. Nc4 Qc5 10. b4 Qh5 11. Nxd4 d5 12. exd5 Bxd4 13. cxd4 Qxd5 14. 0-0 Qxd4 15. Qc2 0-0 16. Bc3 Qf4 17. g3 Qh6 18. f3 Ne3 19. Qd2 Nf5 20. Qe2 Nc6 21. Bxf5 Bxf5 22. b5 Nb8 23. Qxe7 Nd7 24. Nd6 Be6 25. Rae1 g5 26. Re4 Rfc8 27. Nxc8 Rxc8 28. Bd2 Rc2 29. Qxg5+ Qxg5 30. Bxg5 Rxa2 31. Rb4 Bh3 32. Re1 Rg2+ 33. Kh1 Rc2 34. Rd4 Ne5 35. Rxe5 f6 36. Red5 fxg5 37. Rxg5+ Kf7 38. Rgd5 Kg6 39. Kg1 Rg2+ 40. Kh1 Rf2 41. Rd1 Rxf3 42. Kg1 Rb3 43. Kf2 Rb2+ 44. R1d2 Rb1 45. Ke3 Rb3+ 46. Kf4 Rb4+ 47. R2d4 Rb2 48. Rd6+ Kg7 49. Ra4 Rxb5 50. Rxa7 Rf5+ 51. Ke3 Re5+ 52. Kf4 Rf5+ 53. Ke4 Rf7 54. Ke5 Bg2 55. Ra4 Bc6 56. Rg4+ Kf8 57. Rf4 Ke8 58. Re6+ Kf8 59. Ref6 Rxf6 60. Kxf6 Bd5 61. Rd4 Bc6 62. Rd8+ Be8 63. Rb8 b5 64. h4 h5 65. Ra8 b4 66. Rb8 b3 67. Rxb3 Kg8 68. Rb8 Kh7 69. Rxe8 1-0

[Event "Senta-ch"]
[Site "Senta"]
[Date "2020.02.12"]
[Round "8"]
[White "Nagy, Attila N"]
[Black "Solymosi, Andras"]
[Result "1/2-1/2"]
[WhiteElo "2242"]
[BlackElo "2071"]
[PlyCount "49"]
[EventDate "2020.01.27"]
[EventType "swiss"]
[EventRounds "9"]
[EventCountry "SRB"]
[SourceTitle "CBM 195 Extra"]
[Source "ChessBase"]
[SourceDate "2020.05.31"]
[SourceVersion "1"]
[SourceVersionDate "2020.05.31"]
[SourceQuality "1"]

1. d4 Nf6 2. g3 e6 3. Nf3 c5 4. c4 cxd4 5. Nxd4 Bb4+ 6. Bd2 Qb6 7. Bxb4 Qxb4+ 8. Nd2 0-0 9. Qb3 Qc5 10. Qc3 d5 11. Bg2 Nc6 12. N2b3 Qxc4 13. Qxc4 dxc4 14. Nxc6 cxb3 15. Ne7+ Kh8 16. axb3 Bd7 17. Bxb7 Rab8 18. Bf3 Rxb3 19. 0-0 Re8 20. Nc6 Rxf3 21. exf3 Bxc6 22. f4 a6 23. Rfc1 Bb5 24. Rc7 Kg8 25. Rac1 1/2-1/2

[Event "Senta-ch"]
[Site "Senta"]
[Date "2020.01.29"]
[Round "2"]
[White "Solymosi, Andras"]
[Black "Vranic, Ljubomir"]
[Result "1/2-1/2"]
[WhiteElo "2071"]
[BlackElo "2179"]
[PlyCount "76"]
[EventDate "2020.01.27"]
[EventType "swiss"]
[EventRounds "9"]
[EventCountry "SRB"]
[SourceTitle "CBM 195 Extra"]
[Source "ChessBase"]
[SourceDate "2020.05.31"]
[SourceVersion "1"]
[SourceVersionDate "2020.05.31"]
[SourceQuality "1"]

1. Nf3 b6 2. g3 Bb7 3. Bg2 Nf6 4. c4 c5 5. 0-0 e6 6. d4 cxd4 7. Nxd4 Bxg2 8. Kxg2 Qc8 9. b3 Be7 10. Bb2 0-0 11. Nc3 Qb7+ 12. Kg1 d5 13. cxd5 Nxd5 14. Nxd5 Qxd5 15. Qc2 Bf6 16. Rfd1 Na6 17. Nc6 Qg5 18. f4 Qg6 19. Qxg6 hxg6 20. Bxf6 gxf6 21. Rd7 Nc5 22. Rxa7 Rxa7 23. Nxa7 Ra8 24. Nc6 Nxb3 25. Rb1 Nc5 26. Rxb6 Rxa2 27. Kf1 Ne4 28. Nb4 Ra1+ 29. Kg2 Re1 30. Kf3 Nc3 31. Nd3 Rxe2 32. Rb3 Rc2 33. Nb4 Rc1 34. Nd3 Rc2 35. Nb4 Rc1 36. Nd3 Rc2 37. Nb4 Rc1 38. Nd3 Rc2 1/2-1/2

[Event "Senta op 23rd"]
[Site "Senta"]
[Date "2019.07.25"]
[Round "8"]
[White "Janjusevic, Branislav"]
[Black "Solymosi, Andras"]
[Result "0-1"]
[WhiteElo "1963"]
[BlackElo "2073"]
[PlyCount "82"]
[EventDate "2019.07.19"]
[EventType "swiss"]
[EventRounds "9"]
[EventCountry "SRB"]
[SourceTitle "EXT 2020"]
[Source "ChessBase"]
[SourceDate "2019.10.17"]
[SourceVersion "1"]
[SourceVersionDate "2019.10.17"]
[SourceQuality "1"]

1. e4 c5 2. Nf3 d6 3. d4 cxd4 4. Nxd4 Nf6 5. Bd3 e5 6. Ne2 d5 7. exd5 Qxd5 8. 0-0 Be7 9. c4 Qc6 10. Ng3 0-0 11. Re1 Qc7 12. Qe2 Nc6 13. Nc3 Be6 14. Bg5 Nd7 15. Bxe7 Nxe7 16. b3 a6 17. Rac1 Qb6 18. Kh1 Rad8 19. Bb1 Nc6 20. f3 Nc5 21. Qf2 Qa5 22. Nge4 Nd3 23. Qh4 f6 24. Bxd3 Rxd3 25. Qf2 Rfd8 26. Red1 f5 27. Rxd3 Rxd3 28. Nc5 Rxc3 29. Rxc3 Qxc3 30. Nxe6 Qa1+ 31. Qg1 Qxa2 32. h3 Qxb3 33. Qc5 Qb1+ 34. Kh2 Qb4 35. Qd5 h6 36. Ng5+ Kh8 37. Ne6 Qe7 38. f4 exf4 39. Qxf5 Qf6 40. Qg4 Ne5 41. Qxf4 Qxe6 0-1

[Event "Senta op 23rd"]
[Site "Senta"]
[Date "2019.07.24"]
[Round "7"]
[White "Solymosi, Andras"]
[Black "Pajzer, Istvan"]
[Result "0-1"]
[WhiteElo "2073"]
[BlackElo "2041"]
[PlyCount "128"]
[EventDate "2019.07.19"]
[EventType "swiss"]
[EventRounds "9"]
[EventCountry "SRB"]
[SourceTitle "EXT 2020"]
[Source "ChessBase"]
[SourceDate "2019.10.17"]
[SourceVersion "1"]
[SourceVersionDate "2019.10.17"]
[SourceQuality "1"]

1. Nf3 Nf6 2. g3 g6 3. Bg2 Bg7 4. 0-0 0-0 5. d4 c5 6. c4 cxd4 7. Nxd4 Nc6 8. Nc3 Nxd4 9. Qxd4 d6 10. Qd2 a6 11. b3 Qc7 12. Bb2 Bd7 13. Rac1 Bc6 14. Rc2 Bxg2 15. Kxg2 Rac8 16. Rfc1 e6 17. Kg1 Rfd8 18. Nd1 Qc5 19. Bxf6 Bxf6 20. Nc3 Bxc3 21. Rxc3 Rc6 22. Rd3 Qe5 23. Rd1 h5 24. Qe3 Qxe3 25. Rxe3 b5 26. cxb5 axb5 27. Red3 Kf8 28. a4 bxa4 29. bxa4 Ke7 30. Kg2 Rb8 31. R1d2 g5 32. Ra2 g4 33. a5 Ra6 34. h3 d5 35. hxg4 hxg4 36. f3 gxf3+ 37. exf3 Rb5 38. Rda3 e5 39. Kf2 Kd6 40. g4 d4 41. Ke2 Ke6 42. Kd2 f5 43. gxf5+ Kxf5 44. Kd3 Kf4 45. Kc4 Rb8 46. Kc5 Rb1 47. Re2 Rb8 48. Re4+ Kf5 49. Rh4 Rc8+ 50. Kd5 Rd8+ 51. Kc4 Rc6+ 52. Kb5 Rc2 53. a6 d3 54. Rh1 d2 55. Rd1 Rc1 56. Rxd2 Rxd2 57. a7 Rb2+ 58. Ka6 Rc6+ 59. Ka5 Rc5+ 60. Ka6 Rc6+ 61. Ka5 Rc8 62. Ka6 Kf4 63. Ra4+ Kxf3 64. Rc4 Ra2+ 0-1

[Event "Senta op 23rd"]
[Site "Senta"]
[Date "2019.07.22"]
[Round "5"]
[White "Solymosi, Andras"]
[Black "Kandjolas, Konstantin"]
[Result "1-0"]
[WhiteElo "2073"]
[BlackElo "1860"]
[PlyCount "89"]
[EventDate "2019.07.19"]
[EventType "swiss"]
[EventRounds "9"]
[EventCountry "SRB"]
[SourceTitle "EXT 2020"]
[Source "ChessBase"]
[SourceDate "2019.10.17"]
[SourceVersion "1"]
[SourceVersionDate "2019.10.17"]
[SourceQuality "1"]

1. Nf3 c5 2. g3 d5 3. d4 e6 4. Bg2 Nc6 5. 0-0 Nf6 6. c4 dxc4 7. Qa4 Bd7 8. Qxc4 cxd4 9. Nxd4 Rc8 10. Nxc6 Bxc6 11. Bxc6+ Rxc6 12. Qa4 Bc5 13. Nc3 0-0 14. Bg5 h6 15. Rad1 Qe7 16. Bxf6 Qxf6 17. Rd7 Rfc8 18. Rxb7 Bb6 19. e3 Qf3 20. Qd1 Qf5 21. Qd7 Qf3 22. Qd1 Qf5 23. Rd7 Ba5 24. Ne2 Bb6 25. Nd4 Bxd4 26. Qxd4 a5 27. Rd8+ Rxd8 28. Qxd8+ Kh7 29. e4 Qe5 30. Qd3 Rd6 31. Qc3 Qxc3 32. bxc3 Rd2 33. Rc1 Rxa2 34. c4 Rb2 35. c5 Rb7 36. Kf1 Kg6 37. Ke2 Kf6 38. Kd3 Ke7 39. c6 Rb8 40. e5 Rc8 41. Kd4 Kd8 42. Kc5 Kc7 43. Rd1 Rd8 44. Rxd8 Kxd8 45. Kb6 1-0

[Event "Subotica City-ch"]
[Site "Subotica"]
[Date "2019.03.11"]
[Round "7"]
[White "Rajic, Ivan"]
[Black "Solymosi, Andras"]
[Result "0-1"]
[WhiteElo "1909"]
[BlackElo "2081"]
[PlyCount "74"]
[EventDate "2019.02.25"]
[EventType "swiss"]
[EventRounds "9"]
[EventCountry "SRB"]
[SourceTitle "CBM 189 Extra"]
[Source "ChessBase"]
[SourceDate "2019.05.31"]
[SourceVersion "1"]
[SourceVersionDate "2019.05.31"]
[SourceQuality "1"]

1. e4 c5 2. Nf3 d6 3. c3 Nf6 4. Be2 Nbd7 5. d3 g6 6. Na3 Bg7 7. 0-0 0-0 8. h3 Rb8 9. Bg5 h6 10. Bf4 b5 11. Nh2 Kh7 12. Ng4 Nxg4 13. Bxg4 b4 14. Nc4 bxc3 15. bxc3 Bxc3 16. Rc1 Bd4 17. Nxd6 exd6 18. Bxd6 Rb2 19. Bxf8 Nxf8 20. Bxc8 Qxc8 21. Qa4 Qd7 22. Rc4 Qe7 23. Rxd4 cxd4 24. Qxd4 Rxa2 25. Rb1 Rc2 26. Rb5 Ne6 27. Qe3 Qc7 28. g3 Ng5 29. g4 Qf4 30. Qxf4 Nxh3+ 31. Kh2 Nxf4 32. Rb7 Nxd3 33. Kg3 Kg7 34. Rxa7 Nxf2 35. e5 Ne4+ 36. Kf4 Nc5 37. Ke3 Ne6 0-1

[Event "Subotica City-ch"]
[Site "Subotica"]
[Date "2019.03.06"]
[Round "5"]
[White "Solymosi, Andras"]
[Black "Avram, Veso"]
[Result "1-0"]
[WhiteElo "2081"]
[BlackElo "2027"]
[PlyCount "117"]
[EventDate "2019.02.25"]
[EventType "swiss"]
[EventRounds "9"]
[EventCountry "SRB"]
[SourceTitle "CBM 189 Extra"]
[Source "ChessBase"]
[SourceDate "2019.05.31"]
[SourceVersion "1"]
[SourceVersionDate "2019.05.31"]
[SourceQuality "1"]

1. Nf3 Nf6 2. g3 b6 3. Bg2 Bb7 4. a4 e6 5. 0-0 Be7 6. d3 0-0 7. a5 c5 8. c4 bxa5 9. Nbd2 Bc6 10. e4 d6 11. Qe1 Qb6 12. Nb1 Na6 13. Qxa5 Nb4 14. Ne1 Nd7 15. Bd2 Rfb8 16. f4 Qb7 17. Nc3 Bf6 18. Rb1 Bd4+ 19. Kh1 f5 20. Nb5 Bf6 21. Nxd6 Qb6 22. Bxb4 Qxb4 23. Qxb4 Rxb4 24. exf5 Bxg2+ 25. Nxg2 exf5 26. Ne3 g6 27. Nd5 Rb3 28. Nxf6+ Nxf6 29. Rfd1 Ng4 30. Kg1 a6 31. d4 Ne3 32. Rd2 cxd4 33. Rxd4 Nc2 34. Rd2 Nb4 35. Rbd1 Nc6 36. c5 Rb4 37. Rc2 Rab8 38. Nc4 R8b5 39. Ne5 Nxe5 40. fxe5 Rxb2 41. Rxb2 Rxb2 42. Rc1 Rb7 43. Kf2 Kf7 44. c6 Rc7 45. Ke3 Ke6 46. Kd4 g5 47. Kc5 Kxe5 48. Re1+ Kf6 49. Kd6 Rc8 50. Kd7 Ra8 51. c7 a5 52. Re6+ Kf7 53. Rh6 a4 54. c8Q Rxc8 55. Kxc8 a3 56. Ra6 h5 57. Rxa3 Kf6 58. Ra5 h4 59. Kd7 1-0

[Event "Subotica City-ch"]
[Site "Subotica"]
[Date "2019.02.27"]
[Round "2"]
[White "Hegedus, Antal"]
[Black "Solymosi, Andras"]
[Result "0-1"]
[WhiteElo "1917"]
[BlackElo "2081"]
[PlyCount "86"]
[EventDate "2019.02.25"]
[EventType "swiss"]
[EventRounds "9"]
[EventCountry "SRB"]
[SourceTitle "CBM 189 Extra"]
[Source "ChessBase"]
[SourceDate "2019.05.31"]
[SourceVersion "1"]
[SourceVersionDate "2019.05.31"]
[SourceQuality "1"]

1. d4 c5 2. e3 Nf6 3. Nf3 g6 4. c3 Bg7 5. g3 0-0 6. Bg2 d6 7. 0-0 Nbd7 8. Nbd2 Rb8 9. Re1 b5 10. a3 Qc7 11. e4 e5 12. dxe5 dxe5 13. Qc2 c4 14. Nf1 Nc5 15. Bg5 Nfd7 16. Be7 Re8 17. Bxc5 Nxc5 18. Ne3 Bb7 19. Nd2 Bh6 20. Ng4 Bg7 21. Ne3 Rbd8 22. Bf1 Re6 23. a4 Red6 24. Re2 a6 25. axb5 axb5 26. Bg2 Bh6 27. Ndf1 Bf8 28. Ra7 Qb6 29. Ra1 h5 30. Nd5 Bxd5 31. exd5 Bg7 32. Nd2 f5 33. b3 cxb3 34. Nxb3 Na4 35. c4 e4 36. Rf1 bxc4 37. Qxc4 Nb2 38. Qc2 Rxd5 39. Rb1 Na4 40. Rd2 Nc3 41. Rxd5 Rxd5 42. Rf1 Rb5 43. Rb1 Nxb1 0-1

[Event "HUN-chT2 Toth 1819"]
[Site "Hungary"]
[Date "2018.11.18"]
[Round "4.1"]
[White "Solymosi, Andras"]
[Black "Adok, Janos"]
[Result "0-1"]
[WhiteElo "2071"]
[BlackElo "2237"]
[PlyCount "113"]
[EventDate "2018.09.23"]
[EventType "team-tourn"]
[EventRounds "11"]
[EventCountry "HUN"]
[SourceTitle "EXT 2021"]
[Source "ChessBase"]
[SourceDate "2020.10.23"]
[SourceVersion "1"]
[SourceVersionDate "2020.10.23"]
[SourceQuality "1"]
[WhiteTeam "Felegyhaza Csongrad"]
[BlackTeam "Szentes Integral"]
[WhiteTeamCountry "HUN"]
[BlackTeamCountry "HUN"]

1. Nf3 c5 2. g3 Nc6 3. Bg2 g6 4. 0-0 Bg7 5. c4 d6 6. Nc3 Nf6 7. b3 0-0 8. Bb2 Bg4 9. h3 Bxf3 10. Bxf3 Qd7 11. Bg2 Nh5 12. e3 f5 13. Bf3 Nf6 14. Nd5 e5 15. Nxf6+ Bxf6 16. Bd5+ Kh8 17. Qf3 Rac8 18. Rad1 Qg7 19. d3 Rc7 20. Bxc6 bxc6 21. Rd2 Qd7 22. Qg2 g5 23. f3 f4 24. exf4 gxf4 25. g4 a5 26. Bc3 Ra7 27. Qe2 Re8 28. Rb2 d5 29. Qe1 Qd8 30. Re2 d4 31. Bd2 Bh4 32. Qc1 Bg3 33. Be1 Qh4 34. Bxg3 Qxg3+ 35. Rg2 Qxh3 36. Rh2 Qg3+ 37. Kh1 a4 38. b4 cxb4 39. Qd1 b3 40. Rg1 Qxh2+ 41. Kxh2 b2 42. a3 Rb8 43. Qe2 b1Q 44. Qxe5+ Kg8 45. Rxb1 Rxb1 46. Qe8+ Kg7 47. Qe5+ Kg8 48. Qxd4 Rab7 49. Qxf4 R7b2+ 50. Kg3 Rg1+ 51. Kh4 Rh1+ 52. Kg5 Rb7 53. Qd6 Rf7 54. Qxc6 Kg7 55. c5 h6+ 56. Qxh6+ Rxh6 57. d4 0-1

[Event "Senta op 22nd"]
[Site "Senta"]
[Date "2018.07.15"]
[Round "3"]
[White "Solymosi, Andras"]
[Black "Slavic, Nikola"]
[Result "1/2-1/2"]
[WhiteElo "2122"]
[BlackElo "1959"]
[PlyCount "45"]
[EventDate "2018.07.14"]
[EventType "swiss"]
[EventRounds "9"]
[EventCountry "SRB"]
[SourceTitle "CBM 185 Extra"]
[Source "ChessBase"]
[SourceDate "2018.07.29"]
[SourceVersion "1"]
[SourceVersionDate "2018.07.29"]
[SourceQuality "1"]

1. c4 e5 2. Nc3 Nf6 3. Nf3 Nc6 4. d4 exd4 5. Nxd4 Bc5 6. Be3 Ne5 7. Bf4 Nxc4 8. e3 Nb6 9. a3 d6 10. Be2 Nfd5 11. Nxd5 Nxd5 12. Bg3 Nf6 13. b4 Bb6 14. Qd3 a5 15. 0-0 Qe7 16. Bf3 axb4 17. axb4 Rxa1 18. Rxa1 0-0 19. Nf5 Qe6 20. Nd4 Qe7 21. Nf5 Qe6 22. Nd4 Qe7 23. Nf5 1/2-1/2

[Event "HUN-chT2 Toth 1718"]
[Site "Hungary"]
[Date "2018.01.28"]
[Round "7.5"]
[White "Donko, Matyas"]
[Black "Solymosi, Andras"]
[Result "1-0"]
[WhiteElo "1932"]
[BlackElo "2065"]
[PlyCount "113"]
[EventDate "2017.09.24"]
[EventType "team-tourn"]
[EventRounds "11"]
[EventCountry "HUN"]
[SourceTitle "EXT 2021"]
[Source "ChessBase"]
[SourceDate "2020.10.23"]
[SourceVersion "1"]
[SourceVersionDate "2020.10.23"]
[SourceQuality "1"]
[WhiteTeam "Kecskemet Takisz"]
[BlackTeam "Felegyhaza Csongrad"]
[WhiteTeamCountry "HUN"]
[BlackTeamCountry "HUN"]

1. e4 c5 2. Nf3 d6 3. d4 cxd4 4. Nxd4 Nf6 5. Nc3 Nc6 6. Be2 g6 7. Be3 Bg7 8. f3 0-0 9. Qd2 Nxd4 10. Bxd4 a6 11. 0-0-0 b5 12. g4 Qa5 13. Kb1 b4 14. g5 bxc3 15. Bxc3 Nxe4 16. Bxa5 Nxd2+ 17. Rxd2 Be5 18. Rdd1 Bf5 19. Bd3 Bxd3 20. Rxd3 f6 21. h4 fxg5 22. hxg5 Bf4 23. Rd5 e6 24. Rd3 Rf5 25. Bc7 d5 26. Bxf4 Rxf4 27. Re3 Re8 28. Rhe1 e5 29. Rxe5 Rxe5 30. Rxe5 Rxf3 31. b4 Rf4 32. c3 d4 33. cxd4 Rxd4 34. a3 Kf7 35. Kb2 Rd6 36. Kc3 Rb6 37. Kc4 Rc6+ 38. Rc5 Re6 39. Kd5 Re3 40. Ra5 Re6 41. Rc5 Re3 42. a4 Rb3 43. Rc7+ Kg8 44. Kc5 Rg3 45. Kb6 Rxg5 46. Kxa6 Rg4 47. Ka5 h5 48. b5 Rg2 49. b6 Rb2 50. b7 h4 51. Rc8+ Kf7 52. b8Q Rxb8 53. Rxb8 g5 54. Rb1 Kf6 55. Kb6 h3 56. a5 g4 57. a6 1-0

[Event "HUN-chT2 Toth 1718"]
[Site "Hungary"]
[Date "2017.12.17"]
[Round "6.4"]
[White "Hajdu, Sandor"]
[Black "Solymosi, Andras"]
[Result "0-1"]
[WhiteElo "1995"]
[BlackElo "2065"]
[PlyCount "46"]
[EventDate "2017.09.24"]
[EventType "team-tourn"]
[EventRounds "11"]
[EventCountry "HUN"]
[SourceTitle "EXT 2021"]
[Source "ChessBase"]
[SourceDate "2020.10.23"]
[SourceVersion "1"]
[SourceVersionDate "2020.10.23"]
[SourceQuality "1"]
[WhiteTeam "Szentes Integral"]
[BlackTeam "Felegyhaza Csongrad"]
[WhiteTeamCountry "HUN"]
[BlackTeamCountry "HUN"]

1. c4 Nf6 2. Nc3 g6 3. e4 d6 4. g3 Bg7 5. Bg2 0-0 6. Nge2 c6 7. 0-0 Be6 8. d3 Qc8 9. Nf4 Bd7 10. Re1 e5 11. Nfe2 Bh3 12. Bh1 Nh5 13. Be3 f5 14. f4 Nd7 15. exf5 gxf5 16. d4 e4 17. d5 c5 18. Bxe4 Qe8 19. Qd3 fxe4 20. Qxe4 Nb6 21. Bf2 Qxe4 22. Nxe4 Nxc4 23. Rac1 Nxb2 0-1

[Event "Senta op 21st"]
[Site "Senta"]
[Date "2017.07.28"]
[Round "5"]
[White "Farkas, Istvan"]
[Black "Solymosi, Andras"]
[Result "0-1"]
[WhiteElo "1583"]
[BlackElo "2091"]
[PlyCount "76"]
[EventDate "2017.07.24"]
[EventType "swiss"]
[EventRounds "9"]
[EventCountry "SRB"]
[SourceTitle "CBM 179 Extra"]
[Source "ChessBase"]
[SourceDate "2017.08.23"]
[SourceVersion "1"]
[SourceVersionDate "2017.08.23"]
[SourceQuality "1"]

1. Nf3 Nf6 2. g3 g6 3. Bg2 Bg7 4. 0-0 0-0 5. d3 d5 6. Nbd2 c6 7. Nh4 e5 8. e4 Na6 9. f4 Qb6+ 10. Kh1 Ng4 11. Qe2 Qe3 12. Bf3 Qxe2 13. Bxe2 Ne3 14. Rf2 Nxc2 15. Rb1 exf4 16. gxf4 Bd4 17. Rg2 Nc5 18. Ndf3 Bf6 19. f5 Nb4 20. Bh6 Bg7 21. Bg5 Re8 22. e5 a5 23. a3 Nba6 24. Rbg1 d4 25. fxg6 hxg6 26. Bf6 Bxf6 27. exf6 Bh3 28. Rg3 Rxe2 29. Rxh3 Nxd3 30. Rhg3 Nf2+ 31. Kg2 Ne4+ 32. Kh3 Nxg3 33. Rxg3 Re6 34. Nxd4 Rxf6 35. Nhf5 c5 36. Ne7+ Kf8 37. Nd5 Rd6 38. Rd3 Rxd5 0-1

[Event "Senta op 21st"]
[Site "Senta"]
[Date "2017.07.27"]
[Round "4"]
[White "Solymosi, Andras"]
[Black "Damjanovic, Vuk"]
[Result "1/2-1/2"]
[WhiteElo "2091"]
[BlackElo "1755"]
[PlyCount "74"]
[EventDate "2017.07.24"]
[EventType "swiss"]
[EventRounds "9"]
[EventCountry "SRB"]
[SourceTitle "CBM 179 Extra"]
[Source "ChessBase"]
[SourceDate "2017.08.23"]
[SourceVersion "1"]
[SourceVersionDate "2017.08.23"]
[SourceQuality "1"]

1. c4 c5 2. Nf3 Nc6 3. Nc3 g6 4. g3 Bg7 5. Bg2 Nf6 6. d4 cxd4 7. Nxd4 0-0 8. 0-0 d5 9. Nxc6 bxc6 10. cxd5 cxd5 11. Nxd5 Nxd5 12. Qxd5 Rb8 13. Rb1 Bf5 14. Qxd8 Rfxd8 15. e4 Be6 16. b3 Bc4 17. Re1 Bd3 18. Bf4 e5 19. Bg5 Bxb1 20. Bxd8 Bxa2 21. Ra1 Bxb3 22. Bg5 Bc4 23. Bf1 Bxf1 24. Kxf1 Ra8 25. Ra6 Kf8 26. Be3 Ke8 27. Rxa7 Rxa7 28. Bxa7 Bf8 29. Ke2 Bd6 30. Kd3 Kd7 31. Kc4 Kc6 32. g4 Ba3 33. Be3 Bd6 34. h3 Bc7 35. f3 Bd6 36. Bf2 Bc7 37. Bc5 Bb8 1/2-1/2

[Event "Subotica-ch op"]
[Site "Subotica"]
[Date "2017.03.13"]
[Round "9"]
[White "Solymosi, Andras"]
[Black "Scepanovic, Labud"]
[Result "0-1"]
[WhiteElo "2079"]
[BlackElo "2154"]
[PlyCount "66"]
[EventDate "2017.02.22"]
[EventType "swiss"]
[EventRounds "9"]
[EventCountry "SRB"]
[SourceTitle "CBM 177 Extra"]
[Source "ChessBase"]
[SourceDate "2017.04.27"]
[SourceVersion "1"]
[SourceVersionDate "2017.04.27"]
[SourceQuality "1"]

1. Nf3 d6 2. g3 e5 3. Bg2 Nf6 4. 0-0 Be7 5. c4 0-0 6. d4 Nbd7 7. Nc3 Re8 8. b3 c6 9. e4 a5 10. Bb2 Qc7 11. Rc1 Nf8 12. h3 Ng6 13. Ne1 Nd7 14. Nc2 Bg5 15. Rb1 h6 16. Qd3 Ndf8 17. Rbd1 Bd7 18. Ba3 Rad8 19. dxe5 dxe5 20. Qe2 b6 21. Bd6 Qc8 22. Na4 Qb7 23. Rd3 Ne6 24. c5 b5 25. Nb6 Be7 26. Bxe7 Rxe7 27. Nxd7 Rexd7 28. Rxd7 Qxd7 29. b4 Qd2 30. Re1 Qc3 31. Rd1 Rxd1+ 32. Qxd1 Qb2 33. bxa5 Qxa2 0-1

[Event "Subotica-ch op"]
[Site "Subotica"]
[Date "2017.03.08"]
[Round "7"]
[White "Solymosi, Andras"]
[Black "Gabric, Goran"]
[Result "1/2-1/2"]
[WhiteElo "2079"]
[BlackElo "2228"]
[PlyCount "56"]
[EventDate "2017.02.22"]
[EventType "swiss"]
[EventRounds "9"]
[EventCountry "SRB"]
[SourceTitle "CBM 177 Extra"]
[Source "ChessBase"]
[SourceDate "2017.04.27"]
[SourceVersion "1"]
[SourceVersionDate "2017.04.27"]
[SourceQuality "1"]

1. c4 Nf6 2. Nf3 g6 3. g3 Bg7 4. Bg2 0-0 5. 0-0 d6 6. Nc3 c5 7. d4 cxd4 8. Nxd4 a6 9. b3 Qa5 10. Bb2 Qh5 11. Nd5 Nxd5 12. Bxd5 Nd7 13. Bf3 Qc5 14. Bg2 Ne5 15. Qd2 Rb8 16. Rad1 Nc6 17. Bc3 Nxd4 18. Bxd4 Bxd4 19. Qxd4 Qxd4 20. Rxd4 Be6 21. e4 Rfc8 22. f4 Rc5 23. Re1 b5 24. cxb5 Rcxb5 25. Bf1 R5b6 26. Kf2 a5 27. Red1 Kg7 28. Ke3 Rb4 1/2-1/2

[Event "Subotica-ch op"]
[Site "Subotica"]
[Date "2017.02.22"]
[Round "1"]
[White "Brindza, Dezso"]
[Black "Solymosi, Andras"]
[Result "1-0"]
[WhiteElo "1746"]
[BlackElo "2079"]
[PlyCount "99"]
[EventDate "2017.02.22"]
[EventType "swiss"]
[EventRounds "9"]
[EventCountry "SRB"]
[SourceTitle "CBM 177 Extra"]
[Source "ChessBase"]
[SourceDate "2017.04.27"]
[SourceVersion "1"]
[SourceVersionDate "2017.04.27"]
[SourceQuality "1"]

1. d4 Nf6 2. e3 e6 3. Bd3 c5 4. c3 Nc6 5. a3 Be7 6. f4 0-0 7. Nf3 d6 8. 0-0 e5 9. Nbd2 Nd5 10. Ne4 f5 11. Bc4 fxe4 12. Bxd5+ Kh8 13. Bxe4 Bg4 14. dxc5 dxc5 15. Qxd8 Raxd8 16. Bxc6 bxc6 17. Nxe5 Be2 18. Re1 Ba6 19. Nxc6 Rd7 20. Nxe7 Rxe7 21. Rd1 Be2 22. Rd6 Rb7 23. Kf2 Bb5 24. a4 Be8 25. Rd5 c4 26. f5 Bf7 27. Rd4 Bg8 28. e4 Re8 29. Kf3 Rbe7 30. Bf4 Rb7 31. Rb1 Rc8 32. Bd6 a5 33. Ba3 Bf7 34. Rbd1 Rbb8 35. Rd7 Be8 36. Ra7 Bxa4 37. Rd5 Bc6 38. Rdxa5 Re8 39. Re7 h6 40. Raa7 Rxe7 41. Rxe7 Re8 42. Rxe8+ Bxe8 43. g4 Kg8 44. Kf4 Kf7 45. h4 Ba4 46. Bc5 Bd1 47. e5 Ba4 48. e6+ Ke8 49. g5 hxg5+ 50. hxg5 1-0